| 000 | 00500nam a2200169 i 4500 | ||
|---|---|---|---|
| 001 | 77095 | ||
| 003 | ES-MaACL | ||
| 005 | 20230906173101.0 | ||
| 007 | t| | ||
| 008 | 041006s1972 sp ||||1| spa d | ||
| 100 | 1 |
_aGutiérrez Arias, Victoriano. _961092 |
|
| 245 | 1 | 0 |
_aMonografía histórica de Monzón de Campos _b: (apuntes) / _cpor Victoriano Gutiérrez Arias. |
| 250 | _a2ª ed. | ||
| 260 |
_a[Palencia : _bs.n., _c1972] |
||
| 300 |
_a67 p. ; _c21 cm. |
||
| 852 |
_aES-MaACL _jC-46287 _bR.82062 |
||
| 999 |
_c77095 _d77095 |
||